000 00657nam a22002417a 4500
001 30388
003 UA-OsUOA
005 20230913121408.0
007 ta
008 20041109b un ||||| |||| 00| 0 ukr d
040 _aUA-OsUOA
_brus
_cUA-OsUOA
_dUA-OsUOA
041 _arus
044 _aRU
080 _a929:32
090 _a929:32
_bП33
100 _aПирумова Н. М.
245 _aПетр Алексеевич Кропоткин
_cН. М. Пирумова ; ред. К. Н. Тарновский
260 _aМосква
_bНаука
_c1972
300 _a224 с.
_bІлюстрації
650 7 _2UDC
942 _cBK
_2udc
955 _a0
999 _c316799
_d316799